[Event "Zuerich op-B 34th"]
[Site "Zuerich"]
[Date "2010.12.27"]
[Round "2"]
[White "Rueegg, Rene"]
[Black "Kuenzi, Mark"]
[Result "1-0"]
[WhiteElo "1813"]
[BlackElo "1950"]
[PlyCount "69"]
[EventDate "2010.12.26"]
[EventType "swiss"]
[EventRounds "7"]
[EventCountry "SUI"]
[SourceTitle "CBM 140 Extra"]
[Source "ChessBase"]
[SourceDate "2011.03.01"]
[SourceVersion "1"]
[SourceVersionDate "2011.03.01"]
[SourceQuality "1"]

1. d4 b6 2. e4 e6 3. Bd3 Bb7 4. Nf3 c5 5. c3 Be7 6. Bf4 Nf6 7. Nbd2 cxd4 8. cxd4 d6 9. 0-0 0-0 10. Qe2 Nc6 11. a3 Qd7 12. Rac1 Rfd8 13. Bb5 a6 14. Ba4 b5 15. Bb3 Na5 16. Ba2 Rac8 17. b4 Rxc1 18. Rxc1 Nc6 19. Bg5 h6 20. Bh4 d5 21. Bxf6 Bxf6 22. e5 Be7 23. Qd3 f5 24. exf6 Bxf6 25. Bb1 g5 26. Nf1 e5 27. dxe5 Nxe5 28. Nxe5 Bxe5 29. Re1 Bg7 30. Qh7+ Kf8 31. Bf5 Qf7 32. Be6 Qf6 33. Ng3 Qc3 34. Qg8+ Ke7 35. Nf5+ 1-0

[Event "Zuerich op-B 34th"]
[Site "Zuerich"]
[Date "2010.12.27"]
[Round "3"]
[White "Wegelin, Reinhard"]
[Black "Rueegg, Rene"]
[Result "1-0"]
[WhiteElo "1953"]
[BlackElo "1813"]
[PlyCount "67"]
[EventDate "2010.12.26"]
[EventType "swiss"]
[EventRounds "7"]
[EventCountry "SUI"]
[SourceTitle "CBM 140 Extra"]
[Source "ChessBase"]
[SourceDate "2011.03.01"]
[SourceVersion "1"]
[SourceVersionDate "2011.03.01"]
[SourceQuality "1"]

1. d4 Nf6 2. f3 c5 3. d5 d6 4. e4 g6 5. Bb5+ Bd7 6. a4 Bg7 7. Nc3 0-0 8. Nge2 a6 9. Bxd7 Nbxd7 10. a5 Ne8 11. 0-0 e5 12. f4 exf4 13. Nxf4 b6 14. axb6 Nxb6 15. Qe2 Nc7 16. Nh3 Qe8 17. Qd3 Nd7 18. Qg3 Ne5 19. Qh4 h5 20. Bg5 Qd7 21. Be7 Rfe8 22. Bf6 Bxf6 23. Qxf6 Qe7 24. Qf4 Kg7 25. Ng5 Rf8 26. Qg3 Ng4 27. Nf3 Rab8 28. b3 Nb5 29. Nxb5 axb5 30. Rae1 Qc7 31. Nh4 Rbe8 32. h3 Ne5 33. Qg5 Rg8 34. Nf5+ 1-0